| 000 | 00428nam a22001337a 4500 | ||
|---|---|---|---|
| 008 | 230605b xxu||||| |||| 00| 0 eng d | ||
| 082 |
_a327.17205 _bJBR |
||
| 110 | _d2007 | ||
| 245 |
_aPeace & Change _bA Journal of Peace Research _cPeace History Society and Peace and Justice Studies Association |
||
| 260 |
_aUnited Kingdom _bBlackwell Publishing _c2007 |
||
| 300 | _a122 p | ||
| 440 |
_n1 _pJanuary _v32 _x14680130 |
||
| 942 |
_2ddc _cBK |
||
| 999 |
_c434 _d434 |
||